| 000 | 00934nac a22002771i 4500 | ||
|---|---|---|---|
| 003 | EG-ScBUE | ||
| 005 | 20241222095926.0 | ||
| 008 | 080908t2006 enka f b 001 0 eng d | ||
| 020 | _a0131188623 | ||
| 040 |
_aEG-ScBUE _beng _erda _cEG-ScBUE _dEG-ScBUE |
||
| 082 | 0 | 4 |
_a526.9 _bKAV _222 |
| 100 | 1 |
_aKavanagh, Barry F., _eauthor. |
|
| 245 | 1 | 0 |
_aSurveying : _bPrinciples and Applications / _cBarry F. Kavanagh, Seneca College Emeritus. |
| 250 | _aSeventh edition. | ||
| 264 | 1 |
_aUpper Saddle River, NJ : _bPrentice Hall, _c[2006] |
|
| 264 | 4 | _cc2006 | |
| 300 |
_axiv, 801 pages : _billustrations (some color) ; _c24 cm |
||
| 336 |
_2rdacontent _atext _btxt |
||
| 337 |
_aunmediated _2rdamedia _bn |
||
| 338 |
_avolume _bnc _2rdacarrier |
||
| 500 | _aOne copy Distributed by Bacca. | ||
| 504 | _aIncludes bibliographical references and index. | ||
| 650 | 7 |
_aSurveying. _2BUEsh |
|
| 655 | _vReading book | ||
| 942 |
_cBB _2ddc |
||
| 999 |
_c2378 _d2378 |
||